Guo chao Han xue shi cheng ji : [8 juan fu jing shi jing yi mu lu 1 juan Song xue yuan yuan ji 2 juan fu ji 1 juan /
Saved in:
| Main Author: | |
|---|---|
| Format: | Book |
| Language: | Chinese |
| Published: |
Shanghai :
Zhonghua shu ju,
[Min guo 23 i.e. 1934]
|
| Series: | Si bu bei yao ;
[177]. |
| Subjects: | |
| Tags: |
Add Tag
No Tags, Be the first to tag this record!
|
| LEADER | 01216cam a2200301 a 4500 | ||
|---|---|---|---|
| 001 | 007727064-9 | ||
| 005 | 20024617112054.0 | ||
| 008 | 971216s1934 cc 000 0 chi d | ||
| 035 | 0 | |a ocm38183424 | |
| 040 | |a CtY |c CtY |d *YNH* |d CStRLIN | ||
| 043 | |a a-cc--- | ||
| 100 | 1 | |6 880-01 |a Jiang, Fan, |d 1761-1831. | |
| 245 | 1 | 0 | |6 880-02 |a Guo chao Han xue shi cheng ji : |b [8 juan fu jing shi jing yi mu lu 1 juan Song xue yuan yuan ji 2 juan fu ji 1 juan / |c Jiang Fan zuan].. |
| 246 | 3 | |6 880-03 |a Guo chao Song xue yuan yuan ji | |
| 260 | |6 880-04 |a Shanghai : |b Zhonghua shu ju, |c [Min guo 23 i.e. 1934] | ||
| 300 | |a 2 v. (double leaves) in case ; |c 21 cm. | ||
| 490 | 1 | |6 880-05 |a Si bu bei yao ; |v [177] | |
| 650 | 0 | |a Philosophers, Chinese. | |
| 650 | 0 | |a Scholars, Chinese. | |
| 880 | 1 | |6 100-01 |a 江藩, |d 1761-1831. | |
| 880 | 1 | 0 | |6 245-02 |a 國朝漢學師承記 : |b [8卷附經師經義目錄 1卷宋學淵源記 2卷附記 1卷 / |c 江藩纂]. |
| 880 | 3 | |6 246-03 |a 國朝宋學淵源記 | |
| 880 | |6 260-04 |a 上海 : |b 中華書局, |c [民國23 i.e. 1934] | ||
| 880 | 1 | |6 490-05 |a 四部備要 ; |v [177] | |
| 830 | 0 | |6 880-55 |a Si bu bei yao ; |v [177]. | |
| 880 | 0 | |6 830-55 |a 四部備要 ; |v [177]. | |
| 988 | |a 20021120 | ||
| 906 | |0 OCLC | ||


